| 000 | 00577nam a2200241Ia 4500 | ||
|---|---|---|---|
| 005 | 20260320200955.0 | ||
| 008 | 008 262003s9999 xx 000 0 eng d | ||
| 037 | _aEBOOK | ||
| 040 | _aCRL | ||
| 040 | _beng | ||
| 040 | _cCRL | ||
| 041 | _2eng | ||
| 041 | _aeng | ||
| 084 | _qCRL | ||
| 100 |
_aDishongh _91133936 |
||
| 245 | 0 | _aWireless Sensor Networks for Healthcare Applications | |
| 260 | _bIEEE | ||
| 260 | _c2009 | ||
| 856 | _uhttps://ieeexplore.ieee.org/servlet/opac?bknumber=9100458 | ||
| 942 | _cEBOOK | ||
| 999 |
_c1718011 _d1718011 |
||